| 000 | 00531nam a2200169Ia 4500 | ||
|---|---|---|---|
| 999 |
_c15834 _d15834 |
||
| 082 | _aTD.0050 | ||
| 100 | _aDhadave, Mallikarjun Shankarap | ||
| 245 | 0 | _aIntegration of slums into the community : A case study of Gulbarga city (Karnataka state) | |
| 260 |
_c1978 _bBhagalpur University |
||
| 300 | _a389p. | ||
| 650 | _aGULBARGA | ||
| 650 | _aSLUMS - KARNATAKA - GULBARGA | ||
| 650 | _aSOCIAL MOBILITY - KARNATAKA - GULBARGA | ||
| 650 | _aCITIES AND TOWNS - KARNATAKA///GULBARGA | ||
| 710 | _aThakur, R.N. | ||
| 942 |
_cTH _2ddc |
||